Khỉ và thỏ /

保存先:
書誌詳細
第一著者: Đặng Tuyền.
フォーマット: 論文
言語:Vietnamese
主題:
タグ: タグ追加
タグなし, このレコードへの初めてのタグを付けませんか!
Thư viện lưu trữ: Thư viện Trường Đại học Đà Lạt
LEADER 00673nam a2200253 4500
001 DLU110115749
005 ##20110214
040 # # |a DLU  |b vie 
041 # # |a vie 
044 # # |a vn 
100 # # |a Đặng Tuyền. 
245 # # |a Khỉ và thỏ /  |c Đặng Tuyền. 
653 # # |a Truyện kể 
653 # # |a Truyện ngụ ngôn 
773 # # |t Gia đình và trẻ em  |g Số 11, 2008, tr. 49 
920 # # |a Phòng Tạp chí -- Trung tâm Thông tin - Thư viện Trường Đại học Đà Lạt 
994 # # |a DLU 
900 # # |a True 
911 # # |a Nguyễn Thị Linh Chi 
925 # # |a G 
926 # # |a A 
927 # # |a BB 
980 # # |a Thư viện Trường Đại học Đà Lạt